[Event "World op"]
[Site "Philadelphia"]
[Date "1992.??.??"]
[Round "8"]
[White "Tate, Emory"]
[Black "Ivanov, Alexander"]
[Result "0-1"]
[WhiteElo "2300"]
[BlackElo "2555"]

1. e4 g6 2. d4 Bg7 3. Nc3 c6 4. Bc4 b5 5. Bb3 a5 6. a4 b4 7. Qf3 e6 8. Nce2 d5  9. Bf4 Nf6 10. exd5 cxd5 11. h4 Ba6 12. O-O-O Nc6 13. Kb1 Rc8 14. g4 h5 15.  gxh5 Nxh5 16. Be3 Bf6 17. Qg4 Ng7 18. Nf4 g5 19. Ng2 Nf5 20. h5 Nce7 21. Rd2  Nh6 22. Qd1 Nef5 23. Nf3 Rg8 24. Rg1 Qc7 25. Re1 Kf8 26. Ne5 Bb7 27. Ka2 Bxe5  28. dxe5 d4 29. f4 gxf4 0-1

[Event "New York op"]
[Site "New York"]
[Date "1992.??.??"]
[Round "5"]
[White "Tate, Emory"]
[Black "Alburt, Lev O"]
[Result "1/2-1/2"]
[WhiteElo "2300"]
[BlackElo "2535"]

1. g3 c5 2. Bg2 Nc6 3. Nf3 e5 4. O-O d5 5. c4 Nf6 6. cxd5 Nxd5 7. Nc3 Be6 8. d3  Be7 9. a3 O-O 10. Nd2 Na5 11. Nxd5 Bxd5 12. Bxd5 Qxd5 13. b3 f5 14. Nc4 Nc6 15.  Bb2 Rad8 16. Qc2 Nd4 17. Bxd4 cxd4 18. Qd2 e4 19. f4 b6 20. b4 e3 21. Qb2 g5  22. b5 gxf4 23. gxf4 Bh4 24. Ne5 Kh8 25. Nf3 Rg8+ 26. Kh1 Rg4 27. Qa2 Rxf4 28.  Qxd5 Rxd5 29. Rac1 Bf2 30. Ng5 Rg4 31. Rc8+ Kg7 32. Rc7+ Kf6 33. Nh3 Rc5 34.  Nxf2 1/2-1/2

[Event "Giessen op"]
[Site "Giessen"]
[Date "1991.??.??"]
[Round "5"]
[White "Tate, Emory"]
[Black "Usachyi, Vladimir"]
[Result "0-1"]
[WhiteElo "2335"]
[BlackElo "2275"]

1. e4 e5 2. Nc3 Nf6 3. g3 d5 4. exd5 Nxd5 5. Bg2 Nxc3 6. bxc3 Bc5 7. Nf3 Nc6 8.  O-O O-O 9. Rb1 Bg4 10. Qe1 Re8 11. h3 Bf5 12. Nh4 Bxc2 13. Rxb7 e4 14. Rb5 Bf8  15. d4 exd3 16. Be3 Qf6 17. Rf5 Qd6 18. Qd2 Rad8 19. Bf4 Ne5 20. Rc1 g6 21.  Rxe5 Rxe5 22. Bxe5 Qxe5 23. Nf3 Qa5 24. Ne1 Bh6 25. f4 Qc5+ 26. Kh2 Ba4 27. c4  Bg7 28. Nxd3 Qd6 29. Qa5 Bc6 30. Ne1 h5 31. h4 Re8 32. Rc2 Bxg2 33. Nxg2 Qd3  34. Qd2 Qe4 35. Rc1 Qe2 36. Rc2 Qe4 37. c5 Bd4 38. a4 Rb8 39. Qc1 Rb3 40. Rc4  Qd3 41. Rxd4 Qxd4 42. Qe1 Rb2 43. f5 Qf2 44. Qe8+ Kh7 45. fxg6+ fxg6 46. Qe7+  Kh6 47. Qg5+ Kg7 48. Qe7+ Qf7 49. Qe5+ Qf6 50. Qxc7+ Kh6 51. Qc8 Rc2 52. a5 a6  53. Qe8 Kh7 54. Qd7+ Qg7 55. Qd6 Qb7 56. c6 Qxc6 0-1

[Event "World op"]
[Site "Philadelphia"]
[Date "1991.??.??"]
[Round "5"]
[White "Tate, Emory"]
[Black "Benjamin, Joel"]
[Result "0-1"]
[WhiteElo "2335"]
[BlackElo "2540"]

1. e4 e6 2. d4 d5 3. Nc3 Bb4 4. e5 Ne7 5. a3 Bxc3+ 6. bxc3 c5 7. Nf3 b6 8. Bd3  Ba6 9. O-O Bxd3 10. cxd3 O-O 11. dxc5 bxc5 12. Rb1 Nd7 13. Bg5 h6 14. Bh4 Qe8  15. Bxe7 Qxe7 16. Qa4 Rfb8 17. Rxb8+ Rxb8 18. Qxa7 Qd8 19. Ra1 Rb3 20. h3 Rxc3  21. a4 Rxd3 22. a5 Rb3 23. Qa6 Qb8 24. Qd6 Qxd6 25. exd6 Rb7 26. Nd2 Kf8 27. a6  Ra7 28. Nb3 Ke8 29. Ra5 Kd8 30. Kf1 Ra8 31. Nxc5 Nxc5 32. Rxc5 Rxa6 33. Rc7  Rxd6 34. Rxf7 Rd7 35. Rf8+ Ke7 36. Rc8 Kf6 37. Ke2 Ke5 38. Rc3 Kd4 39. Rd3+ Kc4  40. Re3 Rd6 41. Ra3 Rb6 42. Ra7 g5 43. Rc7+ Kd4 44. Ra7 Rb2+ 45. Kf3 e5 46.  Ra4+ Kd3 47. Ra3+ Kd2 48. Kg4 d4 49. Kf5 d3 50. Ke4 Ke2 0-1

[Event "World op"]
[Site "Philadelphia"]
[Date "1990.??.??"]
[Round "5"]
[White "Tate, Emory"]
[Black "Stopa, Johan Russell"]
[Result "0-1"]
[WhiteElo "2350"]
[BlackElo "2260"]

1. e4 e5 2. Nc3 Nc6 3. g3 f5 4. exf5 Nf6 5. Nf3 d5 6. Nh4 d4 7. Nb1 Be7 8. d3  O-O 9. Bg5 e4 10. Bg2 exd3 11. cxd3 Ne8 12. Bxe7 Qxe7+ 13. Qe2 Qb4+ 14. Qd2  Qe7+ 15. Qe2 Qb4+ 16. Nd2 Nd6 17. g4 Re8 18. Be4 Nxe4 19. dxe4 Bd7 20. O-O Ne5  21. f3 Bb5 22. Qg2 Bxf1 23. Rxf1 Nc4 24. Nxc4 Qxc4 25. b3 Qc3 26. f6 Qe3+ 27.  Kh1 Qg5 28. Nf5 Qxf6 29. g5 Qe5 30. g6 h6 31. Qc2 Rad8 32. Qd3 Re6 33. Rc1 Rxg6  34. f4 Qxf4 35. Ne7+ Kh7 36. Rf1 Qe3 37. Qc2 d3 38. Qc4 Qe2 0-1

[Event "World op"]
[Site "Philadelphia"]
[Date "1990.??.??"]
[Round "9"]
[White "Tate, Emory"]
[Black "Wharton, William"]
[Result "0-1"]
[WhiteElo "2350"]
[BlackElo "2230"]

1. c4 Nf6 2. g3 g6 3. Nf3 Bg7 4. Bg2 O-O 5. Nc3 d6 6. O-O Nc6 7. Rb1 Bf5 8. d3  Qd7 9. Re1 e5 10. Nh4 Bh3 11. Bh1 h6 12. b4 g5 13. Nf3 Ng4 14. b5 Nd4 15. Nd2  c6 16. e3 Ne6 17. f3 Nf6 18. Ba3 Ne8 19. Nde4 Bf5 20. bxc6 bxc6 21. Qa4 Rc8 22.  Nd5 Bg6 23. Bxd6 Bxe4 24. Bxf8 Bxf8 25. fxe4 Nc5 26. Qc2 cxd5 27. exd5 Qf5 28.  e4 Qg6 29. Qc3 Nd7 30. Bf3 Bc5+ 31. Kh1 g4 32. Be2 Bd4 33. Qc2 Nd6 34. Rf1 Kg7  35. Qa4 Nc5 36. Qc2 h5 37. h4 f5 38. Kg2 fxe4 39. dxe4 Qxe4+ 40. Qxe4 Ncxe4 41.  Rbc1 Nd2 42. Rfd1 N2xc4 43. Kh2 Ne3 44. Rxc8 Nxc8 45. Rc1 Nd6 46. Rc6 Nef5 47.  Kg2 e4 48. a4 Kf6 49. Rc7 Ne3+ 50. Kh2 Nxd5 51. Rh7 Kg6 52. Rd7 Bc5 53. Bd1 Ne3  54. Bb3 Nef5 55. a5 e3 56. Bd1 Ne4 57. Rc7 Bd4 58. Rc6+ Kf7 59. Bb3+ Kg7 60.  Rc7+ Kf6 61. Rc6+ Nfd6 62. Bc4 Ke5 63. Bf1 Nf5 64. Bc4 Nfxg3 65. Rh6 e2 66.  Bxe2 Nxe2 67. Rxh5+ Kf4 68. Rd5 Kf3 69. h5 Bg1+ 70. Kh1 Nf2# 0-1

[Event "American op"]
[Site "USA"]
[Date "1989.??.??"]
[Round "6"]
[White "Tate, Emory"]
[Black "Brooks, Michael A"]
[Result "0-1"]
[WhiteElo "2345"]
[BlackElo "2385"]

1. e4 e5 2. Nc3 Nf6 3. g3 Nc6 4. Bg2 Bc5 5. d3 O-O 6. f4 exf4 7. Nf3 d5 8. e5  Re8 9. d4 Nxd4 10. Nxd4 Rxe5+ 11. Kf1 fxg3 12. Bf4 Bg4 13. Qd3 Bxd4 14. Qxd4  Rf5 15. Kg1 c5 16. Qd2 gxh2+ 17. Rxh2 Qd7 18. Bg5 d4 19. Bxf6 Rxf6 20. Ne4 Rf5  21. Nf2 Bf3 22. Re1 Re8 23. Bh3 Rxe1+ 24. Qxe1 Rg5+ 25. Rg2 Rxg2+ 26. Bxg2 Bxg2  27. Kxg2 h6 28. Qe5 b6 29. b3 Qc6+ 30. Kf1 Qg6 31. Qe4 Kh7 32. a4 f5 33. Qe7 a5  34. Ke2 Qh5+ 35. Kd2 Qh2 36. Qe2 Qf4+ 37. Kd3 Qg3+ 38. Kc4 Qe3 39. Qf1 Qc3+ 40.  Kb5 Qxc2 41. Kxb6 Qxb3+ 42. Qb5 Qxb5+ 43. Kxb5 g5 44. Kxc5 g4 45. Kxd4 Kg6 46.  Ke3 Kg5 47. Nd3 h5 48. Nf4 h4 49. Ne6+ Kf6 50. Nd4 h3 51. Kf2 f4 52. Nc6 g3+  53. Kg1 f3 0-1

[Event "NATO-ch"]
[Site "Germany"]
[Date "1989.??.??"]
[Round "?"]
[White "Tate, Emory"]
[Black "Michaelsen, Nils"]
[Result "0-1"]
[WhiteElo "2345"]
[BlackElo "2360"]

1. e4 e5 2. Nc3 Nf6 3. g3 d5 4. exd5 Nxd5 5. Bg2 Nxc3 6. bxc3 Bd6 7. Rb1 c6 8.  Nf3 O-O 9. O-O Nd7 10. Re1 Qc7 11. Qe2 h6 12. h3 Re8 13. d3 Nf6 14. Nd2 Be6 15.  c4 Rad8 16. Nf1 Bc8 17. g4 Qa5 18. a3 Nd7 19. Ng3 Nc5 20. Nh5 Ne6 21. Be3 Re7  22. Qd1 Bc5 23. Bd2 Qc7 24. Qc1 Nf4 25. Ng3 Nxg2 26. Kxg2 Re6 27. Ne4 Bf8 28.  Bc3 Rde8 29. Ng3 b5 30. Re4 c5 31. Rxb5 Bb7 32. f3 Bxe4 33. fxe4 Be7 34. Nf5  Bg5 35. Qg1 Rc6 36. Ba5 Qd7 37. Rxc5 Rxc5 38. Qxc5 Qa4 39. Nd6 Rb8 40. Bb4  Qxc2+ 41. Qf2 Qxf2+ 42. Kxf2 Be7 43. c5 Bxd6 44. cxd6 Rb7 45. d4 f6 46. d5 Kf7  47. Ke3 Ke8 48. Kd2 Rb5 49. Kc3 a5 50. d7+ Kxd7 51. Bf8 g5 52. a4 Rb8 53. Bxh6  Rb4 54. Bg7 Ke7 55. d6+ Kf7 0-1

[Event "NATO-ch"]
[Site "Germany"]
[Date "1989.??.??"]
[Round "?"]
[White "Tate, Emory"]
[Black "Werner, Marc"]
[Result "0-1"]
[WhiteElo "2345"]
[BlackElo "2350"]

1. g3 Nf6 2. Bg2 d5 3. Nf3 Bf5 4. d3 c6 5. O-O e6 6. Nc3 h6 7. Qe1 Be7 8. e4  Bh7 9. Qe2 O-O 10. e5 Nfd7 11. Nd1 c5 12. h4 Nc6 13. Bf4 Nd4 14. Qd2 Qc7 15.  Re1 Rac8 16. Nh2 Qd8 17. Kh1 Nf5 18. Nf3 b5 19. Ne3 Nxe3 20. Bxe3 Nb6 21. Bf4  Re8 22. Kh2 d4 23. Rg1 Nd5 24. Bh1 a6 25. a4 Qb6 26. g4 c4 27. a5 Qa7 28. Bxh6  gxh6 29. g5 h5 30. g6 Bxg6 31. Rxg6+ fxg6 32. Qh6 Bf8 33. Qxg6+ Qg7 34. Qe4 Qf7  35. Rg1+ Bg7 36. Rg3 cxd3 37. Ng5 Qxf2+ 38. Bg2 Qf5 39. Qxd4 Bxe5 40. Nxe6+  Bxg3+ 0-1

[Event "Software Toolworks op"]
[Site "Pittsburgh"]
[Date "1988.??.??"]
[Round "?"]
[White "Tate, Emory"]
[Black "Gurevich, Dmitry"]
[Result "1-0"]
[WhiteElo "2295"]
[BlackElo "2475"]

1. e4 c5 2. Nf3 d6 3. d4 cxd4 4. Nxd4 Nf6 5. Nc3 Nc6 6. Bc4 e6 7. Be3 Be7 8.  Qe2 O-O 9. O-O-O a6 10. g4 Nxd4 11. Bxd4 b5 12. g5 Ne8 13. Bb3 Bxg5+ 14. Kb1  Qe7 15. Rhg1 Bf6 16. f4 Bxd4 17. Rxd4 Bb7 18. Qh5 g6 19. f5 Ng7 20. Qh6 Qf6 21.  Rd3 Rfc8 22. Rh3 b4 23. Qxh7+ Kf8 24. fxg6 Rc5 25. Nd5 exd5 26. gxf7 dxe4 27.  a4 bxa3 28. bxa3 Rb5 29. Qg8+ Ke7 30. Rc3 Qxc3 31. f8=Q+ Rxf8 32. Rxg7+ Qxg7  33. Qxg7+ Ke8 34. Qg6+ Ke7 35. Qg7+ Ke8 36. Ka2 Bc6 37. Qg6+ Ke7 38. Qg7+ Ke8  39. Qc7 Bd7 40. Qxd6 Rbf5 41. Qxa6 Rf4 42. Bd5 Ke7 43. Qb7 e3 44. Qb6 e2 45.  Qc5+ Kd8 46. Qa5+ Ke7 47. Qd2 Bg4 48. h3 Rf1 49. Qb4+ Kd8 50. Qd6+ Bd7 51. Qb8+  Bc8 52. Qd6+ Bd7 53. Qb6+ Ke7 54. Qb4+ Kd8 55. Qb8+ Bc8 56. Qb6+ Ke7 57. Qc7+  Kf6 58. Qd6+ Kg5 59. Qe7+ Kf4 60. Qxe2 Bxh3 1-0

[Event "Software Toolworks op"]
[Site "Pittsburgh"]
[Date "1988.??.??"]
[Round "?"]
[White "Tate, Emory"]
[Black "Miles, Anthony"]
[Result "0-1"]
[WhiteElo "2295"]
[BlackElo "2500"]

1. e4 c6 2. Nc3 d5 3. Nf3 Bg4 4. d3 e6 5. h3 Bh5 6. g4 Bg6 7. Ne5 Bd6 8. Nxg6  hxg6 9. Qe2 d4 10. Nb1 Qc7 11. c3 Bf4 12. Na3 dxc3 13. Bxf4 Qxf4 14. bxc3 Nf6  15. Bg2 Nbd7 16. Qe3 Qxe3+ 17. fxe3 Ke7 18. Rb1 Rab8 19. Nc4 b5 20. Na5 Rb6 21.  Nb3 Ra6 22. Rb2 g5 23. d4 e5 24. O-O Ne8 25. Nc1 Nd6 26. Nd3 Ra3 27. Rb3 Ra4  28. Ra1 Nc4 29. Kf2 Rc8 30. Ke2 f6 31. d5 a6 32. Rb4 Ra3 33. Rb3 c5 34. Rxa3  Nxa3 35. Nb2 Nb6 36. Kd3 Kd6 37. Rh1 Rh8 38. Bf1 c4+ 39. Kd2 Kc5 40. Bg2 Nc8  41. Ra1 a5 42. Nd1 b4 43. Kc1 Nb6 44. Kd2 Na4 0-1

[Event "NATO-ch 10th"]
[Site "Aalborg"]
[Date "1987.??.??"]
[Round "3"]
[White "Tate, Emory"]
[Black "Mandl, Robert"]
[Result "1-0"]
[WhiteElo "2295"]
[BlackElo "2280"]

1. e4 c5 2. Nf3 d6 3. d4 cxd4 4. Nxd4 Nf6 5. Nc3 g6 6. Be3 Bg7 7. f3 O-O 8. Qd2  Nc6 9. g4 Be6 10. h4 Nxd4 11. Bxd4 Qa5 12. h5 Rfc8 13. hxg6 hxg6 14. a3 Bc4 15.  g5 Nh5 16. Bh3 Bxd4 17. Qxd4 Be6 18. Bxe6 fxe6 19. e5 d5 20. Qd3 Kg7 21. Rh4  Rf8 22. O-O-O Qc7 23. Qe3 Rac8 24. f4 b5 25. Rd2 a6 26. Ne2 Qd7 27. Nd4 Rh8 28.  Qf3 Rb8 29. Qg4 Rb6 30. Rdh2 Qc8 31. Kb1 a5 32. c3 Qa6 33. b4 axb4 34. axb4 Ra8  35. Nc2 Rbb8 36. Kc1 Rf8 37. Qf3 Qb6 38. Kd2 Ra2 39. Rxh5 gxh5 40. Qxh5 Rg8 41.  Qh7+ Kf8 42. g6 Rg7 43. Qh8+ Rg8 44. g7+ Kf7 45. Qh5+ Kxg7 46. Rg2+ Kf8 47.  Qh6+ Kf7 48. Qh7+ Ke8 49. Qxg8+ Kd7 50. f5 exf5 51. Qxd5+ Kc7 52. Qxa2 Qh6+ 53.  Ne3 1-0

[Event "NATO-ch 10th"]
[Site "Aalborg"]
[Date "1987.??.??"]
[Round "7"]
[White "Tate, Emory"]
[Black "Elseth, Roar"]
[Result "1-0"]
[WhiteElo "2295"]
[BlackElo "2305"]

1. Nf3 e6 2. e4 c5 3. d4 cxd4 4. Nxd4 Nf6 5. Bd3 Nc6 6. Nb3 Qc7 7. f4 d6 8. Nc3  a6 9. Be3 Rb8 10. g4 h6 11. Qf3 Nb4 12. O-O-O b5 13. Kb1 Bb7 14. Qh3 Nxd3 15.  cxd3 b4 16. Ne2 e5 17. g5 Qd7 18. f5 Nxe4 19. Rhe1 Nc5 20. Bxc5 dxc5 21. Ng3 f6  22. d4 cxd4 23. Nxd4 Rd8 24. Qh5+ Qf7 25. Ne6 Rxd1+ 26. Qxd1 Qd7 27. Qh5+ Ke7  28. Nf4 Kd8 29. Ng6 Rg8 30. Nxf8 Rxf8 31. Rd1 Bd5 32. gxh6 gxh6 33. Qxh6 Rf7  34. Qd2 Bc6 35. Qc2 Bd5 36. Rd2 Qb7 37. Ne4 Rd7 38. Nc5 Qb5 39. Nxd7 Qxd7 40.  Qd1 1-0

[Event "Leiden op"]
[Site "Leiden"]
[Date "2007.02.18"]
[Round "6"]
[White "Tate, Emory"]
[Black "Van der Heijden, AC."]
[Result "0-1"]
[WhiteElo "2410"]
[BlackElo "2209"]

1. e4 c5 2. Nf3 e6 3. d4 cxd4 4. Nxd4 Nc6 5. Nc3 d6 6. Be3 Nf6 7. Qe2 e5 8. Nb3  Ng4 9. Bd2 a5 10. Nd5 a4 11. Nc1 Be7 12. Nd3 f5 13. Bc3 O-O 14. f3 fxe4 15.  Qxe4 Nf6 16. Nxf6+ Bxf6 17. Qd5+ Kh8 18. Nf2 Ne7 19. Qd2 d5 20. Bb4 Be6 21. Be2  Rf7 22. Nd3 b6 23. f4 Nc6 24. fxe5 Bg5 25. Qd1 Nxb4 26. Nxb4 Be3 27. Qd3 Qh4+  28. Kd1 Qxb4 29. Qxe3 Qxb2 30. Rc1 Rf5 31. c3 Qxa2 32. g4 Qb3+ 33. Kd2 Rff8 34.  Rb1 Qa2+ 35. Kd1 d4 36. Qd2 Qa3 37. Qb2 Qc5 38. Rc1 a3 39. Qb4 Qxe5 40. Rf1  Rxf1+ 41. Bxf1 0-1

[Event "Reykjavik op"]
[Site "Reykjavik"]
[Date "2007.04.11"]
[Round "1"]
[White "Tate, Emory"]
[Black "Baldursson, Hrannar"]
[Result "1-0"]
[WhiteElo "2406"]
[BlackElo "2129"]

1. d4 Nf6 2. Bg5 Ne4 3. Bf4 d5 4. f3 Nf6 5. e4 dxe4 6. Nc3 e3 7. Bc4 e6 8. Qd3  Nc6 9. O-O-O Nb4 10. Qxe3 Nbd5 11. Nxd5 Nxd5 12. Bxd5 Qxd5 13. Kb1 Bd6 14. Ne2  O-O 15. Be5 f6 16. Nf4 Qc6 17. d5 exd5 18. Bxd6 Qxd6 19. Rxd5 Qc6 20. Qe7 Re8  21. Rd8 Bf5 22. Nh5 1-0

[Event "Reykjavik op"]
[Site "Reykjavik"]
[Date "2007.04.17"]
[Round "7"]
[White "Tate, Emory"]
[Black "Sriram, Jha"]
[Result "0-1"]
[WhiteElo "2406"]
[BlackElo "2425"]

1. e4 e5 2. Nf3 Nc6 3. c3 d5 4. d3 dxe4 5. dxe4 Qxd1+ 6. Kxd1 Nf6 7. Bd3 Bg4 8.  Nbd2 O-O-O 9. Kc2 Bc5 10. Ng5 Bh5 11. f3 h6 12. Nh3 g5 13. g4 Bg6 14. Nc4 Nd7  15. Ne3 f6 16. Nf2 h5 17. Bd2 Bb6 18. b4 Bf7 19. h3 Ne7 20. a4 a6 21. a5 Ba7  22. Rab1 Ng6 23. b5 axb5 24. Rxb5 Nc5 25. Bc4 Be8 26. Rb4 Ba4+ 27. Kc1 Ne7 28.  Nd5 Nc6 29. Nb6+ cxb6 30. axb6 Bb8 31. Rxa4 Rxd2 32. Kxd2 Nxa4 33. gxh5 Nxb6  34. Bf7 Kd7 35. Rb1 Ba7 36. Ng4 Ke7 37. Bg6 Nc4+ 38. Ke2 Nd6 39. h4 gxh4 40.  Rh1 Nd8 0-1

[Event "Reykjavik op"]
[Site "Reykjavik"]
[Date "2007.04.19"]
[Round "9"]
[White "Tate, Emory"]
[Black "Thorgeirsson, Sverrir"]
[Result "1/2-1/2"]
[WhiteElo "2406"]
[BlackElo "2029"]

1. e4 e6 2. d4 d5 3. e5 c5 4. Nf3 Nc6 5. Bd3 Qb6 6. dxc5 Bxc5 7. O-O Qc7 8. Nc3  a6 9. Bf4 Nge7 10. Bg3 Bd7 11. a3 b5 12. b4 Bb6 13. Bxb5 axb5 14. Nxb5 Qb8 15.  Nd6+ Kf8 16. a4 Bc7 17. b5 Na5 18. Rb1 Bxd6 19. exd6 Nf5 20. Ne5 Qb7 21. Qf3 f6  22. c4 fxe5 23. c5 e4 24. Qc3 Kf7 25. Be5 d4 26. Bxd4 Nxd4 27. Qxd4 Qd5 28. Qb4  Rhc8 29. Rfc1 e5 30. c6 Nxc6 31. bxc6 Rxc6 32. Rd1 Qe6 33. Qxe4 Rca6 34. Qxh7  Rxa4 35. Re1 Qf5 36. Qxf5+ Bxf5 37. Rb7+ Kf6 38. d7 Rd4 39. Rb6+ Kf7 40. Rb5  Bxd7 41. Rbxe5 1/2-1/2

[Event "Chicago op 16th"]
[Site "Oak Brook"]
[Date "2007.05.28"]
[Round "7"]
[White "Tate, Emory"]
[Black "Ehlvest, Jaan"]
[Result "0-1"]
[WhiteElo "2406"]
[BlackElo "2640"]

1. e4 c5 2. Nf3 e6 3. d4 cxd4 4. Nxd4 a6 5. Bd3 Nf6 6. Qe2 d6 7. g4 h6 8. Nc3  Nbd7 9. Bd2 b5 10. O-O-O Ne5 11. f3 b4 12. Nb1 d5 13. Bf4 Bd6 14. Bg3 O-O 15.  Nd2 Bb7 16. f4 Nxd3+ 17. cxd3 dxe4 18. Nxe4 Nxe4 19. dxe4 Qc7+ 20. Kb1 Bxf4 21.  Rde1 Rfd8 22. Nf3 Rac8 23. Bxf4 Qxf4 0-1

[Event "Las Vegas National op"]
[Site "Las Vegas"]
[Date "2007.06.09"]
[Round "4"]
[White "Tate, Emory"]
[Black "Sinanan, Joshua C"]
[Result "0-1"]
[WhiteElo "2406"]
[BlackElo "2138"]

1. e4 c5 2. Nf3 e6 3. d4 cxd4 4. Nxd4 Nc6 5. Nc3 Qc7 6. Nb3 a6 7. Bd3 Nf6 8. f4  d6 9. g4 b5 10. g5 Nd7 11. a4 b4 12. Ne2 Bb7 13. Ng3 Na5 14. Nxa5 Qxa5 15. Qe2  Be7 16. b3 O-O 17. Bb2 Nc5 18. O-O-O Nxd3+ 19. Rxd3 Rac8 20. Nh5 Rc3 21. Rg1  Rfc8 22. Rxc3 Rxc3 23. Nf6+ Kf8 24. Nxh7+ Ke8 25. Kb1 Qc5 26. Rg2 Re3 27. Qd2  Bxe4 28. g6 Bxg6 29. Ka2 Rc3 30. Rxg6 Rxc2 31. Qxc2 Qxc2 32. Rxg7 Qxh2 0-1

[Event "World op 35th"]
[Site "Philadelphia"]
[Date "2007.07.03"]
[Round "7"]
[White "Tate, Emory"]
[Black "Bercys, Salvijus"]
[Result "1-0"]
[WhiteElo "2406"]
[BlackElo "2438"]

1. e4 c5 2. Nf3 Qc7 3. c4 e6 4. Nc3 a6 5. d4 cxd4 6. Nxd4 Nf6 7. Qe2 d6 8. g3  b6 9. Bg5 Nbd7 10. Bh3 Bb7 11. O-O Ne5 12. b3 b5 13. Bxf6 gxf6 14. Qh5 Ke7 15.  Rac1 Nd3 16. cxb5 Nxc1 17. Rxc1 Qb6 18. Na4 Qd8 19. bxa6 Rxa6 20. Qb5 Qd7 21.  Bf1 Rxa4 22. Qb6 Rb4 23. Qxb4 Bh6 24. Bb5 Qd8 25. Rc6 Qd7 26. Rc4 Qd8 1-0

[Event "World op 35th"]
[Site "Philadelphia"]
[Date "2007.07.04"]
[Round "9"]
[White "Tate, Emory"]
[Black "Lapshun, Yury"]
[Result "1-0"]
[WhiteElo "2406"]
[BlackElo "2479"]

1. d4 Nf6 2. Bg5 e6 3. e4 h6 4. Bxf6 Qxf6 5. Nf3 d6 6. Nc3 Nd7 7. Qd2 c6 8.  O-O-O Be7 9. h4 e5 10. Kb1 Nf8 11. dxe5 dxe5 12. Nb5 Ne6 13. Nd6+ Kf8 14. Qa5  Bxd6 15. Rxd6 Ke7 16. Qa3 c5 17. Rd5 Rd8 18. Bc4 Qg6 19. Rhd1 Qxe4 20. Rxd8  Qxc4 21. Nxe5 Qe2 22. R8d5 f6 23. Qf3 Qxf3 24. Nxf3 b6 25. g3 Ba6 26. Rd7+ Ke8  27. R7d2 h5 28. b3 Rc8 29. Rd6 Nf8 30. c4 Bb7 31. Re1+ Kf7 32. Ng1 Rc7 33. Nh3  Ng6 34. Rd8 Bg2 35. Nf4 Nxf4 36. gxf4 Bh3 37. Re3 Bg4 38. Rd5 Be6 39. Rd6 Bg4  40. Kb2 Bf5 41. a4 Rb7 42. Kc3 a5 43. Rd8 Be6 44. Rh8 Bg4 45. f3 Be6 46. Rxh5  Rb8 47. Rd5 Bxd5 48. cxd5 Rh8 49. Kc4 Rxh4 50. Kb5 Rxf4 51. Kxb6 c4 52. bxc4  Rxc4 53. Kxa5 Rc5+ 54. Kb6 Rxd5 55. a5 g5 56. a6 Rd6+ 57. Kb7 Kg6 58. Rc3 Kf5  59. Rc4 Rd7+ 60. Kb6 Rd6+ 61. Rc6 Rd8 62. a7 Ke5 63. Rc4 f5 64. Kc7 Rf8 65. Kb7  Kd5 66. Ra4 Rf7+ 67. Kb6 Rf8 68. a8=Q+ Rxa8 69. Rxa8 Ke5 1-0

[Event "USCL 2008"]
[Site "ICC INT"]
[Date "2008.10.22"]
[Round "9"]
[White "Tate, Emory"]
[Black "Rensch, Daniel"]
[Result "1-0"]
[WhiteElo "2339"]
[BlackElo "2354"]

1. e4 c5 2. Nf3 d6 3. d4 cxd4 4. Nxd4 Nf6 5. f3 a6 6. c4 e6 7. Nc3 Be7 8.  Be2 O-O 9. Be3 b6 10. O-O Bb7 11. Qe1 Nbd7 12. Qf2 Qc7 13. Rfc1 Rac8 14. a4  Bd8 15. a5 bxa5 16. Nb3 Rb8 17. Nxa5 Bc8 18. Bf1 Nc5 19. Ra3 Nfd7 20. Na2  f5 21. exf5 Rxf5 22. b4 Ne4 23. Qe1 Nef6 24. Bd4 Ne5 25. Re3 Nf7 26. Bd3  Rf4 27. Ba1 Ne5 28. Rxe5 dxe5 29. Bxe5 Qa7+ 30. c5 Bxa5 31. Bxf4 Bc7 32.  Bg5 Bd8 33. Rd1 Be7 34. Bc4 Bxc5+ 35. bxc5 Qxc5+ 36. Kh1 Qxg5 37. Rd8+ Kf7  38. Rxc8 Rb2 39. Qxe6+ Kg6 40. Bd3+ Kh6 41. Qh3+ Nh5 42. g4 Rxa2 43. Qxh5+  Qxh5 44. gxh5 a5 45. Rh8 Kxh5 46. Rxh7+ Kg5 47. Rxg7+ Kf4 48. Rf7+ Ke3 49.  Bb5 a4 50. Bxa4 Rxa4 51. Kg2 Ra8 52. h4 Rh8 53. Kg3 Rg8+ 54. Kh3 Rh8 55.  Rf5 Kf2 56. Kg4 Ke3 57. Re5+ Kd4 58. Re4+ Kd5 59. h5 Rg8+ 60. Kh4 Rf8 61.  Re3 Kd4 62. Re4+ Kd5 63. h6 Rxf3 64. Rg4 Rf7 65. Kg5 Ke6 66. Re4+ Kd5 67.  Kg6 Ra7 68. Re8 Ra6+ 69. Kg7 Ra7+ 70. Kg8 Ra1 71. h7 Rg1+ 72. Kf7 Rf1+ 73.  Ke7 Re1+ 74. Kd7 1-0

[Event "17th North American FIDE Inv"]
[Site "Skokie USA"]
[Date "2008.11.15"]
[Round "2"]
[White "Tate, Emory"]
[Black "Inumerable, Florentino V"]
[Result "0-1"]
[WhiteElo "2339"]
[BlackElo "2187"]

1. d4 Nf6 2. Bg5 e6 3. e4 Be7 4. Bd3 d6 5. Nf3 Nc6 6. c3 e5 7. Nbd2 a6 8.  h3 O-O 9. d5 Nb8 10. Be3 Nxd5 11. exd5 f5 12. Bc4 f4 13. Bc5 b5 14. Bb3 Bf5  15. a4 Nd7 16. Ba3 e4 17. Nd4 e3 18. N2f3 exf2+ 19. Kxf2 Bh4+ 20. Kg1 Bg3  21. Ne6 Qe7 22. Nfd4 Ne5 23. Qe2 Bd3 24. Qxe5 Bf2+ 25. Kxf2 Qh4+ 26. Kg1  dxe5 27. Nf3 Qg3 28. h4 Bf5 29. Bc5 e4 30. Bf2 Qg4 31. Ne5 Qe2 32. Nd4 Qxb2  33. Ra2 Qxc3 34. Rc2 Qb4 35. d6+ Kh8 36. h5 e3 37. Ng6+ Bxg6 38. hxg6 exf2+  39. Rxf2 Qe1+ 40. Rf1 Qe3+ 41. Rf2 h6 42. Ne6 Qxb3 43. Rxh6+ gxh6 44. g7+  Kg8 45. gxf8=Q+ Rxf8 46. Nxf8 Qd1+ 0-1

[Event "17th North American FIDE Inv"]
[Site "Skokie USA"]
[Date "2008.11.17"]
[Round "5"]
[White "Tate, Emory"]
[Black "Antonio, Rogelio Jr"]
[Result "0-1"]
[WhiteElo "2339"]
[BlackElo "2515"]

1. e4 c6 2. d4 d5 3. e5 Bf5 4. h4 Qb6 5. g4 Bd7 6. Rh3 e6 7. c4 dxc4 8.  Bxc4 Ne7 9. Nc3 Nd5 10. Nge2 Na6 11. Bd2 Be7 12. g5 Rd8 13. Ne4 Nb8 14. Rc1  Qc7 15. Kf1 c5 16. Bd3 Bc6 17. Nxc5 Bxc5 18. Rxc5 Qd7 19. Qb1 Ne7 20. Be3  Na6 21. Bxa6 bxa6 22. Nf4 O-O 23. Qc1 Rc8 24. Kg1 Nf5 25. h5 Bb7 26. g6  Rxc5 27. dxc5 Rd8 28. Kh2 Qa4 29. gxf7+ Kxf7 30. b3 Qe4 31. Qg1 Bc6 32. Bc1  Qc2 33. Qg5 Qxc1 34. Qxd8 Qh1+ 0-1

[Event "17th North American FIDE Inv"]
[Site "Skokie USA"]
[Date "2008.11.18"]
[Round "7"]
[White "Tate, Emory"]
[Black "Betaneli, Aleksandr"]
[Result "1/2-1/2"]
[WhiteElo "2339"]
[BlackElo "2318"]

1. d4 d5 2. Bf4 Nf6 3. e3 c6 4. a4 Bf5 5. a5 e6 6. c3 Bd6 7. Bxd6 Qxd6 8.  Qb3 Qc7 9. Qa3 Qe7 10. Qxe7+ Kxe7 11. Nd2 Nbd7 12. Ngf3 c5 13. Nh4 Bg6 14.  Bb5 a6 15. Nxg6+ hxg6 16. Be2 Rhc8 17. Bf3 Rab8 18. O-O b5 19. axb6 Rxb6  20. Ra2 c4 21. e4 Rcb8 22. exd5 exd5 23. Re1+ Kf8 24. Rb1 Ke7 25. Re1+ Kd8  26. Rb1 Nf8 27. Kf1 Ne6 28. Ke1 Nf4 29. Kd1 Nd3 30. Kc2 Nxf2 31. b4 cxb3+  32. Rxb3 N6g4 33. Bxg4 Nxg4 34. Rxa6 Ne3+ 35. Kd3 Rxb3 36. Nxb3 Nxg2 37.  Na5 Rb2 38. Nc6+ Ke8 39. Ra8+ Kd7 40. Ne5+ Ke6 41. Ra6+ Kf5 42. Nxf7 Nf4+  43. Ke3 Rxh2 44. Ne5 g5 45. Ra7 Rh3+ 46. Kd2 Ke4 47. Rxg7 Rh2+ 48. Kd1 Rg2  49. Re7 Nd3 50. Nc4+ Kf4 51. Ne3 Nb2+ 52. Kc1 Nd3+ 53. Kd1 Nb2+ 54. Kc1  Nd3+ 55. Kd1 1/2-1/2

[Event "17th North American FIDE Inv"]
[Site "Skokie USA"]
[Date "2008.11.20"]
[Round "9"]
[White "Tate, Emory"]
[Black "Young, Angelo"]
[Result "0-1"]
[WhiteElo "2339"]
[BlackElo "2358"]

1. e4 e6 2. d4 d5 3. e5 c5 4. b4 cxd4 5. a3 a5 6. b5 Nd7 7. f4 Nh6 8. Nf3  Nf5 9. Bd3 Ne3 10. Qe2 Qb6 11. Bb2 Bc5 12. a4 f6 13. Nbd2 fxe5 14. Nxe5  Nxe5 15. fxe5 O-O 16. Nf3 Bd7 17. Kf2 Be8 18. h3 Qc7 19. Kg1 Bh5 20. g4  Rxf3 21. Qxf3 Qxe5 22. Re1 Bg6 23. Rh2 Rf8 24. Rxe3 Qxe3+ 25. Qxe3 dxe3 26.  Re2 Bxd3 27. cxd3 d4 0-1

[Event "3rd ENCI Limburg Open"]
[Site "Maastricht NED"]
[Date "2009.05.29"]
[Round "1"]
[White "Tate, Emory"]
[Black "Kirkebo, Carl Peter"]
[Result "1-0"]
[WhiteElo "2325"]
[BlackElo "2158"]

1. e4 c5 2. Nc3 e6 3. Nf3 a6 4. d4 cxd4 5. Nxd4 Qc7 6. f4 b5 7. Bd3 Bb7 8.  Qf3 Nf6 9. g4 b4 10. Nce2 d5 11. e5 Ne4 12. Ng3 Nc6 13. Be3 Bc5 14. Nxc6  Qxc6 15. O-O-O O-O 16. Bxc5 Nxc5 17. Kb1 f6 18. exf6 Rxf6 19. g5 Rff8 20.  Bxh7+ Kxh7 21. Qh5+ Kg8 22. g6 Rfe8 23. Rhe1 1-0